Statistics for Countries Bordering Central African Republic - Map Quiz

Click here to take the quiz!

General Stats

  • This quiz has been taken 176 times
  • The average score is 5 of 6

Answers on the Map

Answers color-coded by a green-red scale on the quiz's map according to % correct below.
Loading ...
 

Answer Stats

Answer% Correct
Chad
93%
South Sudan
93%
Cameroon
93%
Sudan
89%
Republic of the Congo
89%
D.R. Congo
83%

Score Distribution

Percentile by Number Answered

Percent of People with Each Score

Your Score History

You have not taken this quiz